000
00312 a2200145 4500
001
194247
020
_a
978-85-08-18152-0
040
_c
Magnum
100
_a
França, Mary
240
1
0
_a
Que bicho será ?
_l
por
245
1
0
_a
Que bicho será ?
362
0
_a
2016
697
_a
LITERATURA INFANTIL
942
_c
BK
999
_c
194247
_d
194247